Hmotná zodpovednosť zamestnancov
Hmotná zodpovednosť zamestnanca - osobitný druh zodpovednosti, pri ktorej sa vychádza z prezumpcie jeho viny a uhrádza sa skutočná škoda. Kedy má hmotná zodpovednosť prednosť pred všeobecnou zodpovednosťou. Kedy je zamestnávateľ povinný vykonať inventarizáciu.
Saved in:
| Main Author: | |
|---|---|
| Format: | Book Chapter |
| Language: | Slovak |
| Subjects: | |
| Tags: |
No Tags, Be the first to tag this record!
|
MARC
| LEADER | 00000naa a2200000 4500 | ||
|---|---|---|---|
| 001 | 0207507 | ||
| 005 | 20231120135256.0 | ||
| 041 | 0 | |a slo | |
| 044 | |a SK | ||
| 245 | 1 | 0 | |a Hmotná zodpovednosť zamestnancov |c Jozef Jaško |
| 520 | |a Hmotná zodpovednosť zamestnanca - osobitný druh zodpovednosti, pri ktorej sa vychádza z prezumpcie jeho viny a uhrádza sa skutočná škoda. Kedy má hmotná zodpovednosť prednosť pred všeobecnou zodpovednosťou. Kedy je zamestnávateľ povinný vykonať inventarizáciu. | ||
| 610 | 2 | 0 | |a zamestnanci |
| 610 | 2 | 0 | |a zodpovednosť pracovníka |
| 610 | 2 | 0 | |a zodpovednosť hmotná |
| 100 | 1 | |a Jaško, Jozef | |